| 000 | 00356nam a2200145Ia 4500 | ||
|---|---|---|---|
| 008 | 230917s9999||||xx |||||||||||||| ||und|| | ||
| 040 |
_e74689 _aMAIN |
||
| 041 | _aEnglish | ||
| 082 | _a338.6 A11I | ||
| 100 | _aAvadhani, V A | ||
| 245 | 0 | _aInvestment for beginners | |
| 260 |
_aBombay _bHimalaya Publishing House _c1995 |
||
| 300 | _a246 p. | ||
| 942 | _cBK | ||
| 999 |
_c89564 _d89564 |
||